000 00709nam a2200205Ii 4500
003 JO-AjNU
008 230605s9999||||xx |||||||||||||| ||und||
020 _a978-977-273-663-8
040 _aJO-AjNU
_bara
_erda
_cJO-AjNU
041 _aara
050 1 4 _aLC3969.48 2013
100 3 _aغزال، عبد الفتاح علي,
_eauthor
_944583
245 0 0 _aالإرشاد النفسي لغير العاديين
264 3 1 _aالإسكندرية:دار المعرفة الجامعية،2013
300 _a326ص
336 _atext
_btxt
_2rdacontent
337 _aunmediated
_bn
_2rdamedia
338 _avolume
_bnc
_2rdacarrier
650 4 _a الإرشاد النفسي-المعوقون-علم نفس
_944584
999 _aA19261
_c22829
_d22829